00524 2200193 4500245008700000020002200087250001100109100002300120700001000143700002100153650001700174005001900191260004100210041001400251084001300265300003200278336000900310338001100319 aNaruto Official Animation Book b : Hiden - Dauga EmakicKishimoto, MasashihText a978-602-02-9549-7 aCet. 1 aKishimoto, Masashi aMilka aYenny Hendrawati aKomik Jepang a20230131120041 aJakartabElex Media Komputindoc2016 aIndonesia a741.5592 a... jil. :bilus. ;c17 cm. atext avolume